000
00419nam a2200157Ia 4500
008
100122s9999 xx 000 0 und d
082
_b
19120
_a
211.3
100
_a
दांडेकर शं वा
245
_a
ईश्वरवाद
250
_a
1
260
_b
य.गो.जोशी
_c
1882
300
_a
261
630
_a
ईश्वरवाद
730
_a
ईश्वरवाद
942
_c
BOOK
999
_c
408268
_d
408265